| 000 | 00447nam a22001337a 4500 | ||
|---|---|---|---|
| 005 | 20250128170626.0 | ||
| 008 | 250128b |||||||| |||| 00| 0 eng d | ||
| 050 | _aKQC580 RIG | ||
| 245 |
_aRight to Information in Africa: _bManual for Civil Society/ _cAfrica Freedom of Information Centre and fesmedia Africa |
||
| 260 |
_aKampala _bAfrica Freedom of Information Centre _c2017 |
||
| 300 |
_a154p. _c21 cm x 15 cm |
||
| 650 | _2Law | ||
| 942 |
_2lcc _cBK _n0 |
||
| 999 |
_c3168 _d3168 |
||